| 000 | 00315nam a22001217a 4500 | ||
|---|---|---|---|
| 020 | _a9789384007010 | ||
| 082 |
_a630.21 _bSOU/FU |
||
| 100 |
_aSourajit, Mustafee _91282 |
||
| 245 | _aFundamentals of Agriculture | ||
| 260 |
_aNew Delhi _bMedTec- Scientific Internation Pvt. Ltd. _c2014 |
||
| 300 | _a351 | ||
| 942 | _cBBS | ||
| 999 |
_c14730 _d14730 |
||